Shadowing the state through CEDAW: (Record no. 4746)

MARC details
000 -LEADER
fixed length control field 00869nam a2200241 4500
003 - CONTROL NUMBER IDENTIFIER
control field LK-CoMWRAF
005 - DATE AND TIME OF LATEST TRANSACTION
control field 20240503120814.0
008 - FIXED-LENGTH DATA ELEMENTS--GENERAL INFORMATION
fixed length control field 240212b |||||||| |||| 00| 0 eng d
020 ## - INTERNATIONAL STANDARD BOOK NUMBER
International Standard Book Number 9789551770068
040 ## - CATALOGING SOURCE
Original cataloging agency LK-CoMWRAF
Modifying agency LK-CoMWRAF
Description conventions LK-CoMWRAF
041 ## - LANGUAGE CODE
Language code of text/sound track or separate title English
082 ## - DEWEY DECIMAL CLASSIFICATION NUMBER
Classification number 305.4
Item number SHA
942 ## - ADDED ENTRY ELEMENTS (KOHA)
Koha item type Reports
700 ## - ADDED ENTRY--PERSONAL NAME
Personal name Kodikara, Chulani
Relator Term editor
700 ## - ADDED ENTRY--PERSONAL NAME
Personal name Samuel, Kumudini
Relator Term editor
700 ## - ADDED ENTRY--PERSONAL NAME
Personal name Kottegoda, Sepali
Relator Term editor
245 ## - TITLE STATEMENT
Title Shadowing the state through CEDAW:
Remainder of title a compilation of the Sri Lanka NGO shadow report, CEDAW concluding observations and other documents 2010/2011
260 ## - PUBLICATION, DISTRIBUTION, ETC. (IMPRINT)
Place of publication, distribution, etc. Colombo :
Name of publisher, distributor, etc. The Women and media collective,
Date of publication, distribution, etc. 2011
300 ## - PHYSICAL DESCRIPTION
Extent v.,104 p. ; 24 cm
650 ## - SUBJECT ADDED ENTRY--TOPICAL TERM
Topical term or geographic name as entry element Convention on the Elimination of All Forms of Discrimination against Women
650 ## - SUBJECT ADDED ENTRY--TOPICAL TERM
Topical term or geographic name as entry element Women's rights - Sri Lanka
650 ## - SUBJECT ADDED ENTRY--TOPICAL TERM
Topical term or geographic name as entry element Violence against women -Sri Lanka
Holdings
Withdrawn status Lost status Damaged status Not for loan Permanent Location Current Location Date acquired Full call number Barcode Koha item type
        Resource center, Muslim Women's Research And Action Forum Resource center, Muslim Women's Research And Action Forum 2024-02-12 305.4 SHA RAF5024 Reports
        Resource center, Muslim Women's Research And Action Forum Resource center, Muslim Women's Research And Action Forum 2024-05-03 305.4 SHA RAF5245 Reports

Copyright © 2023 Muslim Women's Research and Action Forum (MWRAF), No 27/3, Anderson Road, Kalubowila, Dehiwela. Funded by The Asia Fundation